[Event "59. BEM 2005"]
[Site "Dortmund"]
[Date "2005.02.28"]
[Round "1"]
[White "Krüger, Georg"]
[Black "Krüger, Sven"]
[Result "1-0"]
[WhiteElo "1706"]
[BlackElo "1233"]
[PlyCount "61"]
[EventDate "2005.??.??"]
[Source "SG Dortmund"]
[SourceDate "2004.12.16"]

1. e4 c6 2. d4 d5 3. f3 Nf6 4. e5 Nfd7 5. f4 Nb6 6. Bd3 e6 7. Nf3 Be7 8. O-O
O-O 9. Be3 Nc4 10. Bc1 a6 11. c3 b5 12. b3 Nb6 13. Be3 a5 14. Nbd2 Ba6 15. Qe2
N8d7 16. a4 Qc7 17. Rfc1 Bb7 18. axb5 c5 19. c4 dxc4 20. bxc4 cxd4 21. Bxd4 Nc5
22. Kh1 Rfd8 23. Qe3 Qc8 24. Be4 Nbd7 25. Bxb7 Nxb7 26. Ne4 Ndc5 27. Nfd2 Nxe4
28. Nxe4 Rd7 29. c5 Rd5 30. Nd6 Qc7 31. Rab1 1-0

[Event "59. BEM 2005"]
[Site "Dortmund"]
[Date "2005.02.28"]
[Round "1"]
[White "Sroka, Andreas"]
[Black "Ziemek, Gerhard"]
[Result "1-0"]
[WhiteElo "1230"]
[BlackElo "1694"]
[PlyCount "55"]
[EventDate "2005.??.??"]
[Source "SG Dortmund"]
[SourceDate "2004.12.16"]

1. e4 e5 2. Nf3 Nc6 3. d3 Nf6 4. g3 d6 5. Bg2 Be7 6. O-O Bg4 7. Nbd2 O-O 8. h3
Bd7 9. Nh2 Qc8 10. g4 b5 11. f4 exf4 12. Rxf4 Rb8 13. g5 Ne8 14. h4 Ne5 15. Rf1
f6 16. Ndf3 c6 17. Nxe5 dxe5 18. Nf3 Bg4 19. Qe1 Qd8 20. Qg3 Bxf3 21. Rxf3 Nc7
22. g6 h6 23. Qg4 Qd4+ 24. Kh2 c5 25. Qh5 f5 26. Bxh6 Bxh4 27. Be3 Bg3+ 28.
Rxg3 1-0

[Event "59. BEM 2005"]
[Site "Dortmund"]
[Date "2005.02.28"]
[Round "1"]
[White "Ewers, Christian"]
[Black "Schoppe, Hans-Werner"]
[Result "1-0"]
[WhiteElo "1671"]
[BlackElo "1201"]
[PlyCount "77"]
[EventDate "2005.??.??"]
[Source "SG Dortmund"]
[SourceDate "2004.12.16"]

1. e4 e6 2. d4 d5 3. Nd2 Nf6 4. e5 Nfd7 5. Bd3 c5 6. c3 Qb6 7. Ne2 Nc6 8. Nf3
cxd4 9. cxd4 Bb4+ 10. Kf1 f6 11. a3 Be7 12. exf6 Nxf6 13. g3 O-O 14. Kg2 Bd7
15. h3 Ne4 16. Bxe4 dxe4 17. Nd2 Bf6 18. Nxe4 Bxd4 19. Nxd4 Qxd4 20. Qxd4 Nxd4
21. Rd1 Nb3 22. Rb1 Bc6 23. f3 Nxc1 24. Rbxc1 Bd5 25. Re1 Rac8 26. Rxc8 Rxc8
27. Nc3 Kf7 28. Re2 a6 29. Kf2 b5 30. Rd2 Bc4 31. Rd7+ Kg6 32. Rd6 Kf7 33. Rxa6
Rc7 34. Rb6 Rc5 35. b4 Re5 36. f4 Rh5 37. h4 e5 38. Nxb5 Bxb5 39. Rxb5 1-0

[Event "59. BEM 2005"]
[Site "Dortmund"]
[Date "2005.02.28"]
[Round "1"]
[White "Hast, Stefan"]
[Black "Raskin, Vitali"]
[Result "0-1"]
[WhiteElo "1131"]
[BlackElo "1670"]
[PlyCount "124"]
[EventDate "2005.??.??"]
[Source "SG Dortmund"]
[SourceDate "2004.12.16"]

1. e4 e5 2. Nf3 Nc6 3. Bc4 d6 4. d4 exd4 5. Nxd4 Ne5 6. Bb3 Nf6 7. f4 Ng6 8. f5
Ne5 9. Nc3 Bd7 10. Bf4 c5 11. Nf3 Nxf3+ 12. Qxf3 Bc6 13. Bd5 Nxd5 14. Nxd5 Bxd5
15. exd5 Qf6 16. Qe4+ Qe7 17. Qxe7+ Bxe7 18. O-O-O Kd7 19. g4 h6 20. Kb1 b5 21.
Rd3 Bf6 22. Ra3 a5 23. Rg3 Be5 24. Bxe5 dxe5 25. h3 f6 26. Kc1 Kd6 27. Rd1 c4
28. b3 Kc5 29. Rg2 Rhd8 30. c3 Rd6 31. h4 Rad8 32. g5 hxg5 33. hxg5 Rxd5 34.
Rxd5+ Rxd5 35. gxf6 gxf6 36. Rg8 cxb3 37. axb3 a4 38. Rc8+ Kb6 39. bxa4 bxa4
40. Ra8 Kb5 41. Rc8 Rc5 42. Rb8+ Kc4 43. Kc2 Ra5 44. Rc8+ Kd5 45. Kb2 a3+ 46.
Ka2 Ke4 47. c4 Kxf5 48. c5 Ke6 49. Rc6+ Ke7 50. Rc7+ Ke6 51. Rc6+ Kd5 52. Rxf6
Kxc5 53. Rf3 e4 54. Rf5+ Kb4 55. Rf4 Re5 56. Rh4 Kc3 57. Kxa3 e3 58. Rh3 Kd2
59. Kb3 e2 60. Rc3 e1=Q 61. Rc2+ Kd1 62. Rc4 Rb5+ 0-1

[Event "59. BEM 2005"]
[Site "Dortmund"]
[Date "2005.03.01"]
[Round "2"]
[White "Henrichs, Thomas"]
[Black "Kleymann, Jelena"]
[Result "1-0"]
[WhiteElo "2394"]
[BlackElo "1848"]
[PlyCount "79"]
[EventDate "2005.??.??"]
[Source "SG Dortmund"]
[SourceDate "2004.12.16"]

1. d4 d5 2. c4 Nc6 3. Nf3 Bg4 4. Nc3 Bxf3 5. gxf3 e6 6. cxd5 exd5 7. Bf4 Bd6 8.
Bg3 Nf6 9. e3 Nh5 10. Qb3 Nxg3 11. hxg3 Ne7 12. O-O-O c6 13. e4 Bc7 14. exd5
cxd5 15. Bb5+ Kf8 16. f4 Ba5 17. Ne2 a6 18. Bd3 Qb6 19. Qa4 Qc6+ 20. Qxc6 Nxc6
21. a3 Rc8 22. Kb1 Bb6 23. Bc2 Ke7 24. Bb3 Ke6 25. Nc3 Bxd4 26. Bxd5+ Ke7 27.
Rhe1+ Kf8 28. Bxc6 Bxc3 29. Bxb7 Rb8 30. bxc3 Rxb7+ 31. Kc2 g6 32. Rd8+ Kg7 33.
Rxh8 Kxh8 34. c4 Kg7 35. Kc3 a5 36. c5 Kf6 37. Kd4 Rd7+ 38. Kc4 Rd2 39. c6 Rxf2
40. Kc3 1-0

[Event "59. BEM 2005"]
[Site "Dortmund"]
[Date "2005.03.01"]
[Round "2"]
[White "Raabe, Heinz"]
[Black "Eismont, Igor"]
[Result "1/2-1/2"]
[WhiteElo "1858"]
[BlackElo "2174"]
[PlyCount "51"]
[EventDate "2005.??.??"]
[Source "SG Dortmund"]
[SourceDate "2004.12.16"]

1. d4 d5 2. c4 c6 3. e3 Nf6 4. Nc3 g6 5. f4 Bg7 6. cxd5 cxd5 7. Nf3 O-O 8. Be2
b6 9. O-O Ba6 10. Bxa6 Nxa6 11. b3 Rc8 12. Bb2 Qd7 13. Ne5 Qb7 14. Rc1 Nb4 15.
a3 Nc6 16. Qe2 e6 17. Nb5 Ne4 18. Nxc6 Rxc6 19. Rxc6 Qxc6 20. Nxa7 Qd7 21. Nb5
Rc8 22. Rc1 Rxc1+ 23. Bxc1 Qc6 24. Bb2 Bf8 25. Qd3 h5 26. g3 1/2-1/2

[Event "59. BEM 2005"]
[Site "Dortmund"]
[Date "2005.03.01"]
[Round "2"]
[White "Kartsev, Soel"]
[Black "Barskij, Aleksandr"]
[Result "1-0"]
[WhiteElo "2158"]
[BlackElo "1825"]
[PlyCount "97"]
[EventDate "2005.??.??"]
[Source "SG Dortmund"]
[SourceDate "2004.12.16"]

1. e4 c5 2. Nc3 Nc6 3. g3 g6 4. Bg2 Bg7 5. d3 d6 6. f4 e6 7. Nf3 Nge7 8. O-O
Nd4 9. e5 dxe5 10. fxe5 O-O 11. Ne4 Nxf3+ 12. Qxf3 Bxe5 13. Nxc5 Bd4+ 14. Be3
Bxe3+ 15. Qxe3 Nf5 16. Qf2 Qd4 17. Qxd4 Nxd4 18. Rf2 Rb8 19. c3 Nf5 20. d4 Nd6
21. Nd3 b6 22. Ne5 f6 23. Nc6 Rb7 24. Re1 Rc7 25. Nb4 Kf7 26. d5 a5 27. dxe6+
Bxe6 28. Nd5 Bxd5 29. Bxd5+ Kg7 30. Re6 Nc8 31. c4 f5 32. h4 Rf6 33. Rfe2 Rxe6
34. Rxe6 Rc5 35. a3 a4 36. Kf2 b5 37. Ke3 bxc4 38. Kd4 Rb5 39. Bxc4 Rxb2 40.
Kc5 Rc2 41. Ra6 Ne7 42. Rxa4 f4 43. Ra7 Kf6 44. g4 Nc8 45. Rc7 Rxc4+ 46. Kxc4
Ne7 47. g5+ Ke6 48. Rxe7+ Kxe7 49. Kd4 1-0

[Event "59. BEM 2005"]
[Site "Dortmund"]
[Date "2005.03.01"]
[Round "2"]
[White "Krause, Dieter"]
[Black "Tkachuk, Sergiy"]
[Result "1/2-1/2"]
[WhiteElo "1835"]
[BlackElo "2128"]
[PlyCount "72"]
[EventDate "2005.??.??"]
[Source "SG Dortmund"]
[SourceDate "2004.12.16"]

1. d4 Nf6 2. Nf3 g6 3. Nc3 d5 4. Bf4 Bg7 5. e3 O-O 6. Be2 a6 7. Ne5 c6 8. a4 a5
9. h4 Nbd7 10. g4 Nxe5 11. Bxe5 Be6 12. h5 Nd7 13. Bxg7 Kxg7 14. f4 f5 15. g5
Nb6 16. b3 Nc8 17. Kf2 Nd6 18. Qg1 Rh8 19. Rh4 Ne4+ 20. Nxe4 fxe4 21. Bg4 Qd7
22. Bxe6 Qxe6 23. Qh2 Rhg8 24. hxg6 hxg6 25. Rh1 Kf8 26. Rh8 Ke8 27. Rxg8+ Qxg8
28. Qh8 Kd7 29. Qxg8 Rxg8 30. Kg3 Rg7 31. Kg4 e6 32. Rh8 Kd6 33. Kg3 Ke7 34.
Kf2 Kd6 35. Rd8+ Kc7 36. Rh8 Kd6 1/2-1/2

[Event "59. BEM 2005"]
[Site "Dortmund"]
[Date "2005.03.01"]
[Round "2"]
[White "Gorval, Evgueni"]
[Black "Grube, Jörg"]
[Result "1-0"]
[WhiteElo "2121"]
[BlackElo "1819"]
[PlyCount "72"]
[EventDate "2005.??.??"]
[Source "SG Dortmund"]
[SourceDate "2004.12.16"]

1. f4 e5 2. e4 Qh4+ 3. g3 Qe7 4. fxe5 Qxe5 5. Nc3 d5 6. d4 Qe7 7. Qe2 dxe4 8.
Nd5 Qd6 9. c4 Na6 10. Bf4 Qg6 11. Bxc7 Nf6 12. Nxf6+ Qxf6 13. Qxe4+ Be6 14. Ba5
Be7 15. Bc3 Bf5 16. Qe3 O-O 17. Nf3 Nb4 18. Bxb4 Bxb4+ 19. Kf2 Rfe8 20. Qg5 Qe6
21. a3 h6 22. Qc1 Bg4 23. axb4 Bxf3 24. Rg1 Be2 25. Rg2 Bxf1 26. Kxf1 Qf6+ 27.
Qf4 Qb6 28. b5 Re7 29. Rf2 Rae8 30. Kg2 Re4 31. Qxf7+ Kh8 32. Rd1 Re2 33. Rd2
R2e7 34. Qf5 a6 35. bxa6 Qxa6 36. Qc5 Qf6 1-0

[Event "59. BEM 2005"]
[Site "Dortmund"]
[Date "2005.03.01"]
[Round "2"]
[White "Naundorf, Maik"]
[Black "Sonntag, Joachim"]
[Result "0-1"]
[WhiteElo "2075"]
[BlackElo "1757"]
[PlyCount "72"]
[EventDate "2005.??.??"]
[Source "SG Dortmund"]
[SourceDate "2004.12.16"]

1. Nc3 c5 2. Nf3 d6 3. d4 cxd4 4. Nxd4 Nf6 5. g3 Nc6 6. Bg2 Bd7 7. O-O e6 8.
Ndb5 d5 9. e4 a6 10. exd5 exd5 11. Nd4 Bg4 12. Nde2 Be7 13. h3 Be6 14. Nf4 Qd7
15. Be3 d4 16. Bxc6 bxc6 17. Bxd4 Bxh3 18. Nxh3 Qxh3 19. Bxf6 Rd8 20. Qf3 Bxf6
21. Qxc6+ Kf8 22. Rad1 Rc8 23. Qxa6 h5 24. Nd5 h4 25. Nxf6 gxf6 26. Qd6+ Kg7
27. c3 Rh6 28. Rd3 Rg6 29. Qd7 f5 30. Qd4+ Kh7 31. Qe5 Rcg8 32. Rf3 hxg3 33.
fxg3 Rxg3+ 34. Rxg3 Rxg3+ 35. Kf2 Rf3+ 36. Ke2 Qxf1+ 0-1

[Event "59. BEM 2005"]
[Site "Dortmund"]
[Date "2005.03.01"]
[Round "2"]
[White "Hardt, Helmut"]
[Black "Goldschmidt, Christian"]
[Result "0-1"]
[WhiteElo "1823"]
[BlackElo "2070"]
[PlyCount "48"]
[EventDate "2005.??.??"]
[Source "SG Dortmund"]
[SourceDate "2004.12.16"]

1. e4 e5 2. Bc4 Nc6 3. c3 Nf6 4. d3 Be7 5. Ne2 O-O 6. O-O d5 7. exd5 Nxd5 8.
Ng3 Be6 9. a4 Qd7 10. Na3 Rad8 11. Re1 Bxa3 12. Rxa3 Nf4 13. Bxe6 Nxe6 14. Qg4
Nc5 15. Nf5 g6 16. Nh6+ Kh8 17. Qh4 f6 18. d4 Nd3 19. Rd1 Nxc1 20. Rxc1 exd4
21. c4 d3 22. Ng4 Qd4 23. Qg3 Qxb2 24. Raa1 d2 0-1

[Event "59. BEM 2005"]
[Site "Dortmund"]
[Date "2005.03.01"]
[Round "2"]
[White "Schiefelbusch, Dirk"]
[Black "Schultz, Bernfried"]
[Result "1-0"]
[WhiteElo "2061"]
[BlackElo "1717"]
[PlyCount "67"]
[EventDate "2005.??.??"]
[Source "SG Dortmund"]
[SourceDate "2004.12.16"]

1. d4 Nf6 2. Nf3 g6 3. Bg5 h6 4. Bh4 g5 5. Bg3 Nh5 6. Be5 f6 7. g4 fxe5 8. gxh5
e4 9. Ne5 d6 10. Ng6 Rg8 11. Bg2 Bf5 12. Nd2 Bxg6 13. hxg6 d5 14. e3 Qd6 15. c4
c6 16. Qb3 b6 17. cxd5 Qxd5 18. Qc2 Nd7 19. Bxe4 Qe6 20. Qxc6 Qxc6 21. Bxc6 Rc8
22. Be4 e6 23. Ke2 Nf6 24. Bd3 Nd5 25. Rac1 Kd7 26. Rxc8 Kxc8 27. h4 Be7 28.
hxg5 hxg5 29. Rh7 Kd8 30. Nf3 Nf6 31. Nxg5 Nxh7 32. gxh7 Rxg5 33. h8=Q+ Kd7 34.
Qb8 1-0

[Event "59. BEM 2005"]
[Site "Dortmund"]
[Date "2005.03.01"]
[Round "2"]
[White "Morgenroth, Hubertus"]
[Black "Woestmann, Ulrich"]
[Result "0-1"]
[WhiteElo "1724"]
[BlackElo "2017"]
[PlyCount "60"]
[EventDate "2005.??.??"]
[Source "SG Dortmund"]
[SourceDate "2004.12.16"]

1. e4 d6 2. d4 c6 3. c4 Nf6 4. Nc3 Qc7 5. Bg5 Nbd7 6. Nf3 e5 7. d5 a5 8. h3 h6
9. Be3 g5 10. Be2 Bg7 11. Qd2 cxd5 12. Nb5 Qb8 13. exd5 Ne4 14. Qc2 Ndc5 15.
Bd3 Nxd3+ 16. Qxd3 Bf5 17. Qa3 b6 18. Nxg5 hxg5 19. Bxg5 Bd7 20. Be3 Bxb5 21.
cxb5 Nc5 22. O-O Qb7 23. Rad1 f5 24. Rfe1 O-O-O 25. b4 axb4 26. Qxb4 f4 27.
Bxc5 dxc5 28. Qb3 Rd6 29. Re2 Rhd8 30. Red2 e4 0-1

[Event "59. BEM 2005"]
[Site "Dortmund"]
[Date "2005.03.01"]
[Round "2"]
[White "Kalikhman, Grigorij"]
[Black "Krüger, Georg"]
[Result "1-0"]
[WhiteElo "2017"]
[BlackElo "1706"]
[PlyCount "83"]
[EventDate "2005.??.??"]
[Source "SG Dortmund"]
[SourceDate "2004.12.16"]

1. e4 c5 2. Nf3 d6 3. c4 Nc6 4. d4 cxd4 5. Nxd4 Nf6 6. Nc3 a6 7. Be2 e6 8. Bf3
Qc7 9. Nxc6 bxc6 10. O-O Be7 11. Bf4 O-O 12. Qe2 Bb7 13. Rad1 Rfd8 14. Rd2 Rd7
15. Rfd1 Rad8 16. c5 e5 17. cxd6 Bxd6 18. Be3 Bb4 19. Qc4 Rxd2 20. Rxd2 Rxd2
21. Bxd2 Qd6 22. g4 h6 23. Be3 Bc8 24. h3 Nd7 25. Na4 c5 26. a3 Bd2 27. Bxd2
Qxd2 28. b4 Qd6 29. Nxc5 Nxc5 30. bxc5 Qc6 31. Qd5 Qc7 32. c6 Be6 33. Qc5 f6
34. Be2 a5 35. Qb5 Bc8 36. Bc4+ Kf8 37. Qd5 Ke7 38. Qf7+ Kd6 39. Qd5+ Ke7 40.
a4 Kf8 41. Qg8+ Ke7 42. Qxg7+ 1-0

[Event "59. BEM 2005"]
[Site "Dortmund"]
[Date "2005.03.01"]
[Round "2"]
[White "Iwannek, Ralf"]
[Black "Hein, Erwin"]
[Result "0-1"]
[WhiteElo "1718"]
[BlackElo "1966"]
[PlyCount "142"]
[EventDate "2005.??.??"]
[Source "SG Dortmund"]
[SourceDate "2004.12.16"]

1. e4 c5 2. Nf3 Nc6 3. d4 cxd4 4. Nxd4 g6 5. c3 Bg7 6. Be3 Nf6 7. f3 O-O 8. Be2
d5 9. Nxc6 bxc6 10. exd5 cxd5 11. O-O Qc7 12. Na3 a6 13. Nc2 Bb7 14. Qd2 Rfe8
15. Qd4 Nd7 16. Qd2 Nb6 17. Kh1 Nc4 18. Bxc4 Qxc4 19. Na3 Qc6 20. Rad1 Rad8 21.
Rfe1 e5 22. Nc2 a5 23. Qf2 f5 24. Bb6 Ra8 25. Qc5 Rec8 26. Qxc6 Rxc6 27. Bf2 d4
28. Nxd4 exd4 29. Bxd4 Bxd4 30. Rxd4 Rc7 31. Re5 a4 32. a3 Kf8 33. Kg1 Re7 34.
Rb5 Bc6 35. Rb6 Be8 36. Rbb4 Ra6 37. Kf2 Rae6 38. Rd2 Re1 39. g3 Rc1 40. Rb8
Kg7 41. Rb4 Rh1 42. Kg2 Rhe1 43. Kf2 R1e3 44. Rb6 g5 45. Rb7 Rxf3+ 46. Kxf3
Bc6+ 47. Kf2 Bxb7 48. Rd6 Be4 49. Rd4 Bc2 50. Rd2 Bb3 51. Rd6 Re6 52. Rd7+ Kg6
53. Rd8 h6 54. Rd2 Bc4 55. Rd4 Bb3 56. Rd2 h5 57. Rd8 f4 58. gxf4 gxf4 59. Kf3
Rf6 60. h4 Kf5 61. Rd4 Ke5 62. Re4+ Kd5 63. Rd4+ Kc5 64. Kf2 f3 65. Rd2 Bd5 66.
Rd4 Bc6 67. Rb4 Re6 68. b3 Re2+ 69. Kf1 axb3 70. Rxb3 Rh2 71. Rb4 Bb5+ 0-1

[Event "59. BEM 2005"]
[Site "Dortmund"]
[Date "2005.03.01"]
[Round "2"]
[White "Starp, Klaus"]
[Black "Ewers, Christian"]
[Result "1/2-1/2"]
[WhiteElo "1912"]
[BlackElo "1671"]
[PlyCount "52"]
[EventDate "2005.??.??"]
[Source "SG Dortmund"]
[SourceDate "2004.12.16"]

1. e4 Nf6 2. e5 Nd5 3. d4 d6 4. Bc4 e6 5. Nf3 Nb6 6. Bd3 d5 7. O-O c5 8. c3 Nc6
9. Nbd2 Be7 10. a3 c4 11. Bc2 Bd7 12. b3 cxb3 13. Nxb3 Nc4 14. Nfd2 N6a5 15.
Qg4 g6 16. Nxc4 Nxc4 17. Re1 b5 18. Qh3 O-O 19. Nd2 Rc8 20. Nf3 a5 21. Qh6 f6
22. Bxg6 hxg6 23. Qxg6+ Kh8 24. Qh6+ Kg8 25. Qg6+ Kh8 26. Qh6+ Kg8 1/2-1/2

[Event "59. BEM 2005"]
[Site "Dortmund"]
[Date "2005.03.01"]
[Round "2"]
[White "Klein, Hans-Joachim"]
[Black "Ziperstein, Jakob"]
[Result "0-1"]
[WhiteElo "1709"]
[BlackElo "1902"]
[PlyCount "63"]
[EventDate "2005.??.??"]
[Source "SG Dortmund"]
[SourceDate "2004.12.16"]

1. d4 Nf6 2. Bf4 g6 3. e3 Bg7 4. Nc3 O-O 5. Be2 d6 6. g4 c5 7. g5 Nfd7 8. Nf3
cxd4 9. exd4 e5 10. Be3 a6 11. h4 exd4 12. Bxd4 Ne5 13. Qd2 Nbc6 14. Nxe5 Nxd4
15. Nd3 Nxe2 16. Nxe2 Be6 17. a3 Rc8 18. c3 Bb3 19. O-O Qd7 20. Kh2 Qg4 21. f3
Qxh4+ 22. Kg2 Bd5 23. Ng3 Bc6 24. Rh1 Qg4 25. Qf4 Qxf4 26. Nxf4 Be5 27. Nge2
Rce8 28. Rh4 f6 29. gxf6 Rxf6 30. Rah1 Rf7 31. R1h3 Bf6 32. Rh6 0-1

[Event "59. BEM 2005"]
[Site "Dortmund"]
[Date "2005.03.01"]
[Round "2"]
[White "Gorzinski, Dariusz"]
[Black "Benke, Werner"]
[Result "1-0"]
[WhiteElo "1885"]
[BlackElo "1648"]
[PlyCount "33"]
[EventDate "2005.??.??"]
[Source "SG Dortmund"]
[SourceDate "2004.12.16"]

1. c4 Nf6 2. Nc3 e6 3. g3 d5 4. cxd5 exd5 5. d4 Be7 6. Bg2 O-O 7. Nf3 Nbd7 8.
Bf4 c6 9. O-O Re8 10. Qc2 Nh5 11. Nxd5 Nxf4 12. Nxf4 Nf6 13. e3 Qa5 14. Ne5 h6
15. Qb3 Rf8 16. Nfg6 Be6 17. Nxe7+ 1-0

[Event "59. BEM 2005"]
[Site "Dortmund"]
[Date "2005.03.01"]
[Round "2"]
[White "Raskin, Vitali"]
[Black "Büchle, Manfred"]
[Result "0-1"]
[WhiteElo "1670"]
[BlackElo "1874"]
[PlyCount "60"]
[EventDate "2005.??.??"]
[Source "SG Dortmund"]
[SourceDate "2004.12.16"]

1. e4 c5 2. Nf3 e6 3. Nc3 a6 4. d4 cxd4 5. Nxd4 d6 6. Bd3 Nf6 7. Bg5 Be7 8. O-O
O-O 9. Qe2 Qc7 10. Nf3 Nc6 11. Rfe1 h6 12. Bh4 b5 13. a3 Bb7 14. Bg3 Nh5 15. e5
Nxg3 16. hxg3 Nxe5 17. Nxe5 dxe5 18. Qxe5 Qxe5 19. Rxe5 Bf6 20. Rc5 Rac8 21.
Rxc8 Rxc8 22. Nd1 Rd8 23. Rb1 Bd4 24. Kf1 e5 25. f3 g6 26. Nf2 f5 27. c3 Bxf2
28. Bxb5 Bxg3 29. Be2 Rd2 30. c4 e4 0-1

[Event "59. BEM 2005"]
[Site "Dortmund"]
[Date "2005.03.01"]
[Round "2"]
[White "Tkachuk, Konstantyn"]
[Black "Sroka, Andreas"]
[Result "1-0"]
[WhiteElo "1871"]
[BlackElo "1230"]
[PlyCount "117"]
[EventDate "2005.??.??"]
[Source "SG Dortmund"]
[SourceDate "2004.12.16"]

1. e4 e5 2. Nf3 d6 3. d4 exd4 4. Nxd4 Nf6 5. Nc3 Be6 6. Nxe6 fxe6 7. Bc4 Qe7 8.
Bg5 Nbd7 9. Nb5 Nc5 10. Bxf6 gxf6 11. Qh5+ Kd7 12. O-O-O Nxe4 13. Rhe1 f5 14.
Nd4 d5 15. Nxf5 Qg5+ 16. Qxg5 Nxg5 17. Bxd5 exd5 18. Rxd5+ Kc6 19. Ree5 b6 20.
Nd4+ Kb7 21. Rxg5 Bh6 22. h4 Rad8 23. Rxd8 Rxd8 24. c3 c5 25. Ne6 Rd6 26. Kc2
Bxg5 27. Nxg5 h6 28. Ne4 Rd7 29. g4 Kc7 30. g5 hxg5 31. hxg5 Kd8 32. f4 Ke7 33.
Nf6 Rd8 34. f5 Kf7 35. b3 b5 36. Ng4 b4 37. c4 Rd4 38. Ne5+ Kg8 39. f6 Re4 40.
Nd7 Rg4 41. Nxc5 Rxg5 42. Na6 Rg2+ 43. Kd3 Rxa2 44. Nxb4 Rf2 45. Nd5 Rf3+ 46.
Kc2 Kf7 47. Kb2 Rxf6 48. Nxf6 Kxf6 49. Kc3 Ke6 50. Kb4 Kd6 51. Kb5 Kc7 52. Ka6
Kb8 53. c5 Ka8 54. c6 Kb8 55. b4 Ka8 56. b5 Kb8 57. b6 axb6 58. Kxb6 Kc8 59. c7
1-0

[Event "59. BEM 2005"]
[Site "Dortmund"]
[Date "2005.03.01"]
[Round "2"]
[White "Riemann, Kai"]
[Black "Szyszka, Arkadiusz"]
[Result "1/2-1/2"]
[WhiteElo "1593"]
[BlackElo "1865"]
[PlyCount "105"]
[EventDate "2005.??.??"]
[Source "SG Dortmund"]
[SourceDate "2004.12.16"]

1. Nf3 d5 2. d3 Nf6 3. g3 c5 4. Bg2 Nc6 5. Nbd2 e5 6. c4 d4 7. a3 a5 8. O-O Be7
9. Qc2 O-O 10. Re1 h6 11. e3 dxe3 12. Rxe3 Ng4 13. Re1 Bf5 14. Ne4 Qd7 15. Be3
Bxe4 16. dxe4 Nd4 17. Bxd4 exd4 18. Qd3 a4 19. e5 h5 20. Nd2 Kh8 21. Qf3 g6 22.
h3 Nh6 23. Qd5 Qe6 24. Rab1 Rab8 25. b3 b5 26. bxa4 bxa4 27. Qxe6 fxe6 28. Bc6
h4 29. g4 Nf7 30. f4 Rxb1 31. Nxb1 Nd8 32. Bxa4 Rxf4 33. Bc2 Rf3 34. Kg2 Rg3+
35. Kh2 d3 36. Bd1 Bg5 37. Rf1 Nc6 38. a4 Nxe5 39. a5 Nxc4 40. a6 Nb6 41. Nc3
Re3 42. a7 Kg7 43. Na4 Na8 44. Nxc5 d2 45. Kg2 Be7 46. Nb3 Bb4 47. Nxd2 Ra3 48.
Nf3 Rxa7 49. Nxh4 Bc5 50. Bb3 Nc7 51. Nf3 Rb7 52. Rb1 Kf6 53. g5+ 1/2-1/2

[Event "59. BEM 2005"]
[Site "Dortmund"]
[Date "2005.03.01"]
[Round "2"]
[White "Kartsev, Alexandr"]
[Black "Duschek, Günter"]
[Result "1/2-1/2"]
[WhiteElo "1494"]
[BlackElo "1719"]
[PlyCount "58"]
[EventDate "2005.??.??"]
[Source "SG Dortmund"]
[SourceDate "2004.12.16"]

1. d4 Nf6 2. Bg5 d5 3. Bxf6 exf6 4. Nf3 c6 5. Nbd2 Qb6 6. Nb3 a5 7. a4 Bf5 8.
Nh4 Be6 9. e3 Bb4+ 10. c3 Be7 11. Bd3 Nd7 12. O-O g6 13. Qc2 f5 14. Nf3 h5 15.
h4 Qd8 16. g3 Nf6 17. Kg2 Ne4 18. c4 g5 19. hxg5 Bxg5 20. cxd5 Bxd5 21. Nc5
Nxc5 22. dxc5 h4 23. gxh4 Rxh4 24. Bxf5 Bxe3 25. fxe3 Qg5+ 26. Kf2 Bxf3 27.
Kxf3 Qh5+ 28. Kg3 Qg5+ 29. Kf3 Qh5+ 1/2-1/2

[Event "59. BEM 2005"]
[Site "Dortmund"]
[Date "2005.03.01"]
[Round "2"]
[White "Hillebrand, Carsten"]
[Black "Rutmann, Ulrich"]
[Result "1-0"]
[WhiteElo "1941"]
[BlackElo "1379"]
[PlyCount "49"]
[EventDate "2005.??.??"]
[Source "SG Dortmund"]
[SourceDate "2004.12.16"]

1. c4 e5 2. g3 Bc5 3. Bg2 Nf6 4. Nc3 Ng4 5. e3 Nf6 6. Nge2 c6 7. O-O O-O 8. d4
exd4 9. exd4 Be7 10. d5 d6 11. dxc6 bxc6 12. Nd4 Bb7 13. Nf5 Nbd7 14. Nxd6 Bxd6
15. Qxd6 Qb6 16. b3 Rab8 17. Na4 Qa6 18. Bb2 Rfd8 19. Qf4 h6 20. Rad1 c5 21.
Bxf6 Qxf6 22. Rxd7 Bxg2 23. Qxf6 gxf6 24. Rxd8+ Rxd8 25. Kxg2 1-0

[Event "59. BEM 2005"]
[Site "Dortmund"]
[Date "2005.03.01"]
[Round "2"]
[White "Volmer, Martin"]
[Black "Sellin, Reinhard"]
[Result "1-0"]
[WhiteElo "1772"]
[BlackElo "1509"]
[PlyCount "53"]
[EventDate "2005.??.??"]
[Source "SG Dortmund"]
[SourceDate "2004.12.16"]

1. d4 d5 2. c4 Nf6 3. cxd5 g6 4. Nc3 Nxd5 5. e4 Nxc3 6. bxc3 e5 7. Be3 Bg7 8.
d5 O-O 9. Qb3 Nd7 10. Nf3 Kh8 11. Be2 a6 12. O-O b5 13. Rfd1 Bb7 14. c4 c6 15.
Rac1 Rc8 16. a4 Ba8 17. axb5 axb5 18. cxb5 cxd5 19. exd5 Rxc1 20. Rxc1 Nb6 21.
d6 e4 22. Ng5 Qf6 23. Nxh7 Kxh7 24. Bxb6 Bh6 25. Rd1 e3 26. Bxe3 Bxe3 27. Qxe3
1-0

[Event "59. BEM 2005"]
[Site "Dortmund"]
[Date "2005.03.01"]
[Round "2"]
[White "Gennat, Egon L"]
[Black "Wiemann, Peter"]
[Result "1-0"]
[WhiteElo "1287"]
[BlackElo "1581"]
[PlyCount "47"]
[EventDate "2005.??.??"]
[Source "SG Dortmund"]
[SourceDate "2004.12.16"]

1. d4 f5 2. Nc3 Nf6 3. Nf3 g6 4. Bg5 Bg7 5. e3 O-O 6. Bc4+ e6 7. O-O h6 8. Bh4
Kh7 9. Re1 Qe8 10. Qd2 d6 11. e4 g5 12. Bxg5 hxg5 13. Nxg5+ Kh8 14. Re3 fxe4
15. Ncxe4 Nxe4 16. Rxe4 Qg6 17. Rh4+ Bh6 18. Nf7+ Kg7 19. Rxh6 Rxf7 20. Rxg6+
Kxg6 21. Bd3+ Kf6 22. Qh6+ Ke7 23. Bg6 Rf8 24. Qg7+ 1-0

[Event "59. BEM 2005"]
[Site "Dortmund"]
[Date "2005.03.01"]
[Round "2"]
[White "Ruchay, Dietrich"]
[Black "Litwak, Aleksej"]
[Result "0-1"]
[WhiteElo "1460"]
[BlackElo "2092"]
[PlyCount "58"]
[EventDate "2005.??.??"]
[Source "SG Dortmund"]
[SourceDate "2004.12.16"]

1. Nf3 c5 2. c4 Nc6 3. Nc3 Nf6 4. g3 g6 5. Bg2 Bg7 6. O-O O-O 7. d3 a6 8. a3
Rb8 9. b3 b5 10. Rb1 Ne8 11. Qc2 Nc7 12. e3 e6 13. Bb2 d5 14. cxd5 exd5 15. Ne2
Bxb2 16. Rxb2 Ne6 17. d4 c4 18. bxc4 bxc4 19. Rxb8 Nxb8 20. Rb1 Nc6 21. Nc3 Qa5
22. Nd2 Nexd4 23. exd4 Nxd4 24. Qd1 Qxc3 25. Bxd5 Bf5 26. Rc1 Qxc1 27. Qxc1
Ne2+ 28. Kg2 Nxc1 29. Bxc4 Rd8 0-1

[Event "59. BEM 2005"]
[Site "Dortmund"]
[Date "2005.03.01"]
[Round "2"]
[White "Ludwig, Erwin"]
[Black "Zeldin, Vitali"]
[Result "0-1"]
[WhiteElo "1437"]
[BlackElo "1918"]
[PlyCount "84"]
[EventDate "2005.??.??"]
[Source "SG Dortmund"]
[SourceDate "2004.12.16"]

1. d4 Nf6 2. c4 e6 3. Nc3 Bb4 4. a3 Bxc3+ 5. bxc3 c5 6. e3 O-O 7. Nf3 b6 8. Bd3
Nc6 9. O-O d6 10. Bb2 Na5 11. Qc2 Ba6 12. Nd2 Rc8 13. Rfe1 cxd4 14. cxd4 d5 15.
c5 Bxd3 16. Qxd3 bxc5 17. dxc5 Rxc5 18. Bd4 Rc7 19. Qa6 Nc6 20. Bc5 Re8 21.
Rec1 Qd7 22. Nf3 Rec8 23. Qf1 Ne4 24. Bd4 f6 25. Qe1 Nxd4 26. Nxd4 e5 27. Ne2
Rc2 28. Rxc2 Rxc2 29. a4 Qc6 30. f3 Nd6 31. Ng3 Qc3 32. Qxc3 Rxc3 33. Kf2 Kf7
34. Ne2 Rc2 35. h3 Ke6 36. g3 Nc4 37. f4 Kd6 38. Rb1 Nb2 39. a5 Kc6 40. Ke1 Nc4
41. e4 d4 42. a6 d3 0-1

[Event "59. BEM 2005"]
[Site "Dortmund"]
[Date "2005.03.01"]
[Round "2"]
[White "Ziemek, Gerhard"]
[Black "Skoecz, Horst"]
[Result "1-0"]
[WhiteElo "1694"]
[BlackElo "1455"]
[PlyCount "55"]
[EventDate "2005.??.??"]
[Source "SG Dortmund"]
[SourceDate "2004.12.16"]

1. d4 e6 2. c4 c5 3. d5 Qc7 4. Nc3 a6 5. e4 Be7 6. Nf3 d6 7. Be2 e5 8. O-O Nd7
9. Ng5 Bxg5 10. Bxg5 Ndf6 11. f4 Qa5 12. fxe5 dxe5 13. a3 Bd7 14. Rb1 b5 15.
cxb5 axb5 16. Qd3 c4 17. Qg3 Qc7 18. Bxf6 Nxf6 19. Qxg7 O-O-O 20. Qxf6 Qc5+ 21.
Kh1 Rdg8 22. Rbc1 Qf8 23. Qa6+ Kd8 24. Qb6+ Ke7 25. d6+ Ke6 26. Nxb5 Bxb5 27.
Qxb5 Qxd6 28. Bxc4+ 1-0